| 000 | 01171nam0a2200325 4500 | ||
|---|---|---|---|
| 001 | RU\NLR\BIBL_A\011591159 | ||
| 005 | 20250626094741.0 | ||
| 010 |
_a978-5-7572-0427-7 _91000 |
||
| 021 |
_aRU _b2017-97042 _96979 |
||
| 021 |
_aRU _b2017-97123 _96987 |
||
| 035 | _a(RuMoRGB)009489777 | ||
| 035 | _a(NLR Aleph) 011591159 | ||
| 090 |
_a10839127 _c10839127 |
||
| 100 | _a20180112d2017 |||y0rusy50 ca | ||
| 101 | 0 | _arus | |
| 102 | _aRU | ||
| 105 | _ay|||z|||000gy | ||
| 200 | 1 |
_aПесенки-Интересенки _eпесни для детей дошкольного возраста _e[для чтения взрослыми детям] _fРусь Анастасия |
|
| 210 |
_aСамара _cИздательский дом Лады-Русь _d2017 |
||
| 215 |
_a26, [1] с. _d21 |
||
| 225 | 1 | _aСерия "Детские интересинки" | |
| 300 | _aНа обл. авт. не указан | ||
| 686 |
_aШ9(2)6=Р70-53 _2rubbk |
||
| 686 | 0 | _aШ9(2)60=Р7-5 | |
| 700 | 1 |
_aРусь _bА. А. _gАнастасия А |
|
| 942 | _cBOOK | ||
| 980 | _aNB | ||